书目信息 |
| 题名: |
施工企业会计
|
|
| 作者: | 俞文青 编著 | |
| 分册: | ||
| 出版信息: | 北京 中国财政经济出版社 1984 |
|
| 页数: | 489页 | |
| 开本: | 21cm | |
| 丛书名: | ||
| 单 册: | ||
| 中图分类: | F407.9 | |
| 科图分类: | ||
| 主题词: | 施工单位-基本建设会计 , 基本建设会计-施工单位 | |
| 电子资源: | ||
| ISBN: | ||
| 000 | 00640nam0 2200241 45 | |
| 001 | 0184013546 | |
| 005 | 20060809090735.20 | |
| 010 | @dCNY2.40 | |
| 091 | @aCN@b4166.519 | |
| 100 | @a19950224d1984 em y0chiy0121 ea | |
| 101 | 0 | @achi |
| 102 | @aCN@b110000 | |
| 105 | @ay z 000yy | |
| 200 | 10 | @a施工企业会计@Ashi gong qi ye kuai ji@f俞文青编著 |
| 210 | @a北京@c中国财政经济出版社@d1984 | |
| 215 | @a489页@d21cm | |
| 606 | @a施工单位-基本建设会计 | |
| 606 | @a基本建设会计-施工单位 | |
| 690 | @aF407.9@v3 | |
| 701 | 0 | @a俞文青@Ayu wen qing@4编著 |
| 801 | 2 | @aCN@bNLC@c20060809 |
| 801 | 0 | @aCN@bTSSF |
| 905 | @a10447@dF407.9@e123 | |
| 施工企业会计/俞文青编著.-北京:中国财政经济出版社,1984 |
| 489页;21cm |
| ISBN :CNY2.40 |
| ● |
| 相关链接 |
|
|
|
|
正题名:施工企业会计
索取号:F407.9/123
 
预约/预借
| 序号 | 登录号 | 条形码 | 馆藏地/架位号 | 状态 | 备注 |
| 1 | 0447764 | 204477645 | 密集书库/ [索取号:F407.9/123] | 在馆 | |
| 2 | 0447765 | 204477654 | 密集书库/ [索取号:F407.9/123] | 在馆 |